基督教會史 (Record no. 31653)
[ view plain ]
| 000 -LEADER | |
|---|---|
| fixed length control field | 00804nam a2200265Ia 4500 |
| 003 - CONTROL NUMBER IDENTIFIER | |
| control field | OSt |
| 005 - DATE AND TIME OF LATEST TRANSACTION | |
| control field | 20210105144025.0 |
| 008 - FIXED-LENGTH DATA ELEMENTS--GENERAL INFORMATION | |
| fixed length control field | 201125s9999||||xx |||||||||||||| ||und|| |
| 040 ## - CATALOGING SOURCE | |
| Transcribing agency | GETS |
| 041 ## - LANGUAGE CODE | |
| Language code of text/sound track or separate title | chi |
| Language code of original | eng |
| 050 ## - LIBRARY OF CONGRESS CALL NUMBER | |
| Classification number | BR145 |
| Item number | .W3412 1990 |
| 100 ## - MAIN ENTRY--PERSONAL NAME | |
| Personal name | Walker, Williston |
| 245 #0 - TITLE STATEMENT | |
| Title | 基督教會史 |
| Remainder of title | = History of the Christian church / |
| Statement of responsibility, etc. | 華爾克 (Williston Walker) 著; 謝受靈原譯; 趙毅之修譯 |
| 246 ## - VARYING FORM OF TITLE | |
| Title proper/short title | 基督教会史 |
| Remainder of title | / |
| 250 ## - EDITION STATEMENT | |
| Edition statement | 6th ed. |
| 260 ## - PUBLICATION, DISTRIBUTION, ETC. | |
| Place of publication, distribution, etc. | 香港 : |
| Name of publisher, distributor, etc. | 基督教文藝出版社, |
| Date of publication, distribution, etc. | 1990 |
| 300 ## - PHYSICAL DESCRIPTION | |
| Extent | 1061, 5 p. |
| Other physical details | ; |
| Dimensions | 21 cm. |
| 490 ## - SERIES STATEMENT | |
| Series statement | 基督教神學教育叢書 |
| 500 ## - GENERAL NOTE | |
| General note | Translation of: History of the Christian church. |
| 650 ## - SUBJECT ADDED ENTRY--TOPICAL TERM | |
| Topical term or geographic name entry element | Church history. |
| 700 ## - ADDED ENTRY--PERSONAL NAME | |
| Personal name | 華爾克 |
| 700 ## - ADDED ENTRY--PERSONAL NAME | |
| Personal name | 謝受靈 |
| 700 ## - ADDED ENTRY--PERSONAL NAME | |
| Personal name | 趙毅之 |
| 942 ## - ADDED ENTRY ELEMENTS (KOHA) | |
| Koha item type | Chinese Book |
| Withdrawn status | Lost status | Source of classification or shelving scheme | Damaged status | Not for loan | Home library | Current library | Shelving location | Date acquired | Total Checkouts | Full call number | Barcode | Date last seen | Price effective from | Koha item type |
|---|---|---|---|---|---|---|---|---|---|---|---|---|---|---|
| Library of Congress Classification | GETS Theological Seminary Library | GETS Theological Seminary Library | General Stacks | 11/25/2020 | BR145 .W3412 1990 | 00019288 | 11/25/2020 | 11/25/2020 | Chinese Book |